000
00373cam a2200169ua 4500
020
_c
Rs.7.50
041
_a
eng
_h
082
_a
346.07
_b
SHU/CO
100
_a
M.C. Shukla, Shukla .
245
_a
Commercial Law
260
_a
Delhi :
_b
S. Chand &co ,
_c
1958.
300
_a
292 ; .
365
_a
Rs.7.50
504
_a
942
_c
BK
999
_c
11167
_d
11167